Loading...
| Current Events | 6 | 10.00 | 67% | 17% | 17% |
| Fine Arts - Classical Music | 7 | 15.71 | 43% | 14% | 100% |
| Fine Arts - Other | 5 | 14.00 | 60% | 80% | 0% |
| Fine Arts - Painting & Sculpture | 8 | 13.75 | 50% | 25% | 63% |
| Geography | 1 | 10.00 | 100% | 0% | 0% |
| History - American | 6 | 13.33 | 33% | 33% | 67% |
| History - European | 5 | 12.00 | 20% | 40% | 60% |
| History - Other | 6 | 11.67 | 33% | 50% | 33% |
| History - World | 5 | 20.00 | 80% | 80% | 40% |
| Literature - American | 9 | 13.33 | 67% | 33% | 33% |
| Literature - British | 10 | 10.00 | 50% | 50% | 0% |
| Literature - European | 9 | 13.33 | 56% | 22% | 56% |
| Literature - World | 4 | 12.50 | 75% | 0% | 50% |
| Mythology | 1 | 10.00 | 0% | 0% | 100% |
| Other Academic | 8 | 12.50 | 38% | 38% | 50% |
| Philosophy | 4 | 12.50 | 75% | 0% | 50% |
| Religion | 3 | 26.67 | 100% | 100% | 67% |
| Science - Biology | 8 | 12.50 | 38% | 38% | 50% |
| Science - Chemistry | 7 | 14.29 | 57% | 57% | 29% |
| Science - Other | 6 | 15.00 | 33% | 67% | 50% |
| Science - Physics | 9 | 12.22 | 67% | 44% | 11% |
| Social Science | 5 | 16.00 | 40% | 80% | 40% |